000
00299nam a22001457a 4500
008
210310b ||||| |||| 00| 0 eng d
020
_a
9781457656484
041
_a
eng
080
_a
37
082
_a
37
100
_a
46
101
_a
EDU
245
_a
English 102 Reader
_c
SIU
942
_2
udc
_c
BK
999
_c
56151
_d
56151